Werewolf movies - Statistics

General Stats
  • This quiz has been taken 122 times
    76 since last reset
  • The average score is 19 of 51
Answer Stats
Year Movie % Correct
1985 Teen wolf
92%
1972 Moon of the wolf
88%
2018 Alpha wolf
85%
1994 Wolf
85%
1981 An American werewolf in london
80%
1968 Horror of the wolfman
71%
1941 The wolfman
71%
2010 The wolfman
71%
1961 Curse of the werewolf
69%
1957 I was a teenage werewolf
66%
1975 Legend of the werewolf
66%
1995 Werewolf
64%
2014 Bubba the redneck werewolf
63%
1964 Face of the screaming werewolf
63%
2008 Never cry werewolf
63%
1973 The boy who cried werewolf
63%
1956 The werewolf
63%
1981 The howling
61%
2002 Dog soldiers
58%
1997 An american werewolf in paris
54%
1996 Bad moon
46%
2004 Van helsing
46%
2015 Howl
44%
2003 Underworld
42%
1935 Werewolf of london
42%
2005 Cursed
41%
2000 Ginger snaps
37%
1985 Silver bullet
36%
1981 Wolfen
25%
1984 The company of wolves
24%
2011 Red riding hood
19%
2014 Wolves
19%
2020 A werewolf in england
15%
2010 13hrs
14%
1942 The mad monster
14%
1974 The beast must die
12%
2016 Uncaged
12%
1995 Project: Metalbeast
8%
2019 The shadow within
8%
2014 Late phases
7%
2014 Wolf cop
7%
1973 The werewolf of Washington
5%
1971 Werewolf vs the vampire woman
5%
2016 Little dead rotting hood
3%
2020 The wolf of snow hollow
3%
2013 Battledogs
2%
2017 Bonehill road
2%
2020 Hunter's moon
2%
2005 The beast of bray road
2%
1976 Werewolf woman
2%
2007 Werewolf: the devil's hound
0%
No matching quizzes found
Score Distribution
Percent of People with Each Score
Percentile by Number Answered
Your Score History
You have not taken this quiz since the last reset